000 01234nab a22002537a 4500
999 _c6354
_d6354
003 OSt
005 20260131193941.0
008 190603e xxum|||| |||| 00| 0 spa d
040 _cPJ
100 _97010
_aFacal, Carlos J. M.
245 1 3 _aLos seguros colectivos de vida a la luz del Código Civil y Comercial y de su reglamentación específica /
_cCarlos J. M. Facal.
260 _cCiudad Autónoma de Buenos Aires :
_aThomson Reuters La Ley,
_b2025.
300 _ap. 76-81
500 _aCita: TR LALEY AR/DOC/2805/2025 Publicado en: RCCyC 2025 (Diciembre).
505 _aSumario: I. Introducción.— II. La contratación e instrumentación del seguro colectivo de vida.— III. Duración del seguro.— IV. Rescisión por falta de pago de la prima.
505 _t¿Te interesa el texto completo? Solicitalo al correo: koha@justierradelfuego.gov.ar
650 0 _91497
_aCODIGO CIVIL Y COMERCIAL
650 0 _91467
_aRESPONSABILIDAD CIVIL
650 0 _94552
_aRELACION DE CONSUMO
650 0 _91921
_aSEGUROS
650 0 _aSEGURO COLECTIVO DE VIDA
773 0 _02713
_93170
_dCiudad Autónoma de Buenos Aires : Thomson Reuters La Ley, 2015-
_tRevista Código Civil y Comercial. Nº 6 - Diciembre 2025
942 _2udc
_cANA